000 00418nam a2200157 i 4500
001 39184
003 ES-MaACL
005 20230906155914.0
007 t|
008 030227s1969 sp ||||1| spa d
100 1 _aCalle, Ramiro A.
_933700
245 1 0 _aTeoría y técnica del yoga /
_cRamiro A. Calle.
260 _aMadrid :
_bAlianza,
_c1969.
300 _a235 p. ;
_c18 cm.
852 _aES-MaACL
_jC-36211
_bR.69042
999 _c39184
_d39184